NLSUI OPAC header image

Principle of non refoulement in the paradigm of counter terrorism measures taken by states (Record no. 217452)

MARC details
000 -LEADER
fixed length control field 01436nam a2200145Ia 4500
005 - DATE AND TIME OF LATEST TRANSACTION
control field 20260209120143.0
008 - FIXED-LENGTH DATA ELEMENTS--GENERAL INFORMATION
fixed length control field 260209s9999||||xx |||||||||||||| ||und||
100 ## - MAIN ENTRY--PERSONAL NAME
Personal name D K Balkrisnan
245 #0 - TITLE STATEMENT
Title Principle of non refoulement in the paradigm of counter terrorism measures taken by states
260 ## - PUBLICATION, DISTRIBUTION, ETC.
Place of publication, distribution, etc. BangaloreBangalore
Name of publisher, distributor, etc. NLSIU
Date of publication, distribution, etc. 2020
300 ## - PHYSICAL DESCRIPTION
Extent 73 p. ; 25 cm.
505 ## - FORMATTED CONTENTS NOTE
Formatted contents note Table of Contents 1. Introduction ; 1.1. Historical Background; 1.2. Present position ; 1.3. Reasons behind insertion of Article 33(2) of the 1951 convention ; 2. Principle of Non Refoulement as customary international law ; 2.1. Requisites of Jus Cogens ; 2.2. Principle of Non Refoulement as “Jus Cogens” ; 2.3. Conclusion of the chapter ; 3. Analysis of the exception of National Security ; 3.1. Non uniformity of the exceptions; 3.2. Narrow interpretation of Article 33(2) ; 3.3. Emphasis on specificity ; 3.4. Conclusion of the chapter ; 4. Practices in the countries ; 4.1. Analysis of the UNSC resolutions ; 4.2. Position in the United States ; 4.2.1. Usage of exceptions to non refoulement principle ; 4.2.2. Wide scope of national security exception ; 4.3. Position in Europe ; 4.4. Conclusion of the chapter ; Conclusion and Suggestions ; Executive Summary ; Findings; Suggested Model ; Final remarks ; Bibliography .
700 ## - ADDED ENTRY--PERSONAL NAME
Personal name Dr. Makkalanban DS - GuideDr. Makkalanban DS - Guide
856 ## - ELECTRONIC LOCATION AND ACCESS
Uniform Resource Identifier <a href="https://dans.nls.ac.in/handle/123456789/401">https://dans.nls.ac.in/handle/123456789/401</a>
Holdings
Withdrawn status Lost status Damaged status Not for loan Home library Current library Date acquired Total Checkouts Barcode Date last seen Price effective from Koha item type
        . . 09.02.2026   LLM817 09.02.2026 09.02.2026 Dissertation